[Event "Nordic Chess-ch 2019"]
[Site "Sarpsborg"]
[Date "2019.06.24"]
[Round "5.42"]
[White "Lilleng, Gunnar"]
[Black "Stabbetorp, Hans"]
[Result "0-1"]
[WhiteElo "1485"]
[BlackElo "1767"]
[Annotator "NA"]
[PlyCount "140"]
[EventDate "2019.06.21"]
[EventType "swiss"]
[EventCountry "NOR"]
[SourceTitle "playchess.com"]
[Source "ChessBase"]
[SourceQuality "1"]
[TimeControl "40/5400+30:1800+30"]

1. d4 {[%emt 0:00:00]} d5 {[%emt 0:00:00]} 2. c3 {[%emt 0:00:31]} Nf6 {[%emt 0:00:00]} 3. Bg5 {[%emt 0:02:04]} e6 {[%emt 0:00:17]} 4. Nf3 {[%emt 0:00:45]} h6 {[%emt 0:00:13]} 5. Bh4 {[%emt 0:00:21]} Be7 {[%emt 0:00:14]} 6. Nbd2 {[%emt 0:00:34]} Nbd7 {[%emt 0:01:37]} 7. e3 {[%emt 0:00:54]} c5 {[%emt 0:02:24]} 8. dxc5 {[%emt 0:01:42]} Bxc5 {[%emt 0:01:22]} 9. Bd3 {[%emt 0:03:04]} O-O {[%emt 0:03:36]} 10. O-O {[%emt 0:00:11]} b6 {[%emt 0:01:50]} 11. e4 {[%emt 0:06:56]} dxe4 {[%emt 0:06:00]} 12. Nxe4 {[%emt 0:09:19]} Be7 {[%emt 0:00:35]} 13. Nxf6+ {[%emt 0:08:14]} Bxf6 {[%emt 0:01:34]} 14. Bxf6 {[%emt 0:01:00]} Qxf6 {[%emt 0:00:32]} 15. Qe2 {[%emt 0:02:11]} Nc5 {[%emt 0:02:10]} 16. Rfe1 {[%emt 0:14:40]} Bb7 {[%emt 0:01:44]} 17. Bc2 {[%emt 0:46:04]} Bxf3 {[%emt 1:14:22]} 18. Qxf3 {[%emt 0:00:21]} Qxf3 {[%emt 0:00:11]} 19. gxf3 {[%emt 0:00:06]} Rad8 {[%emt 0:00:41]} 20. Rad1 {[%emt 0:00:28]} g5 {[%emt 0:04:41]} 21. Kf1 {[%emt 0:02:52]} Kg7 {[%emt 0:01:26]} 22. Rxd8 {[%emt 0:02:24]} Rxd8 {[%emt 0:00:14]} 23. Ke2 {[%emt 0:00:28]} Rd5 {[%emt 0:01:51]} 24. Rd1 {[%emt 0:02:59]} Rxd1 {[%emt 0:05:35]} 25. Bxd1 {[%emt 0:01:00]} Kg6 {[%emt 0:00:14]} 26. Ke3 {[%emt 0:01:12]} e5 {[%emt 1:01:19]} 27. Bc2+ {[%emt 0:34:36]} Kh5 {[%emt 0:00:01]} 28. b4 {[%emt 0:03:36]} Nb7 {[%emt 0:00:59]} 29. Ke4 {[%emt 0:29:24]} Kg6 {[%emt 0:17:11]} 30. Kxe5+ {[%emt 0:00:55]} Kg7 {[%emt 0:00:31]} 31. Kd5 {[%emt 0:02:59]} Nd8 {[%emt 0:00:55]} 32. Bf5 {[%emt 0:00:38]} Kf6 {[%emt 0:00:30]} 33. Bc8 {[%emt 0:01:23]} Ke7 {[%emt 0:01:42]} 34. a4 {[%emt 0:01:53]} f6 {[%emt 0:04:27]} 35. c4 {[%emt 0:00:21]} Nf7 {[%emt 0:00:38]} 36. c5 {[%emt 0:01:32]} bxc5 {[%emt 0:01:25]} 37. Kxc5 {[%emt 0:01:15]} Kd8 {[%emt 0:01:07]} 38. Bb7 {[%emt 0:02:21]} Kc7 {[%emt 0:00:34]} 39. Ba8 {[%emt 0:00:51]} Kb8 {[%emt 0:01:29]} 40. Bd5 {[%emt 0:01:04]} Ne5 {[%emt 0:01:15]} 41. Kd4 {[%emt 0:31:03]} Kc7 {[%emt 0:31:12]} 42. b5 {[%emt 0:00:34]} Kb6 {[%emt 0:00:29]} 43. Ke4 {[%emt 0:04:11]} Kc5 {[%emt 0:01:55]} 44. Bb3 {[%emt 0:03:18]} Kb4 {[%emt 0:00:36]} 45. Bd1 {[%emt 0:00:00]} Nc4 {[%emt 0:00:00]} 46. Kf5 {[%emt 0:00:00]} Nb2 {[%emt 0:00:00]} 47. Be2 {[%emt 0:00:00]} Nxa4 {[%emt 0:00:00]} 48. Kxf6 {[%emt 0:00:00]} Nc3 {[%emt 0:00:00]} 49. Bd3 {[%emt 0:00:00]} Nxb5 {[%emt 0:00:00]} 50. Kg6 {[%emt 0:00:00]} a5 {[%emt 0:00:00]} 51. Be4 {[%emt 0:00:00]} a4 {[%emt 0:00:00]} 52. Bd5 {[%emt 0:00:00]} Nd4 {[%emt 0:00:00]} 53. Kxh6 {[%emt 0:00:00]} a3 {[%emt 0:00:00]} 54. Kxg5 {[%emt 0:00:00]} Nb3 {[%emt 0:00:00]} 55. h4 {[%emt 0:00:00]} a2 {[%emt 0:00:00]} 56. h5 {[%emt 0:00:00]} a1=Q {[%emt 0:00:00]} 57. Be4 {[%emt 0:00:51]} Qg7+ {[%emt 0:00:00]} 58. Bg6 {[%emt 0:00:42]} Nd4 {[%emt 0:00:00]} 59. f4 {[%emt 0:06:42]} Ne6+ {[%emt 0:00:00]} 60. Kg4 {[%emt 0:06:16]} Qh6 {[%emt 0:00:00]} 61. f5 {[%emt 0:00:45]} Qg5+ {[%emt 0:00:00]} 62. Kf3 {[%emt 0:00:21]} Ng7 {[%emt 0:00:00]} 63. Ke4 {[%emt 0:00:13]} Nxh5 {[%emt 0:00:00]} 64. Bxh5 {[%emt 0:00:29]} Qxh5 {[%emt 0:00:00]} 65. f6 {[%emt 0:00:58]} Qf7 {[%emt 0:00:00]} 66. Ke5 {[%emt 0:06:07]} Kc5 {[%emt 0:00:00]} 67. f4 {[%emt 0:00:33]} Qe8+ {[%emt 0:00:00]} 68. Kf5 {[%emt 0:00:11]} Kd6 {[%emt 0:00:00]} 69. Kg5 {[%emt 0:00:08]} Ke6 {[%emt 0:00:00]} 70. f5+ {[%emt 0:00:15]} Ke5 {[%emt 0:44:26]} 0-1

[Event "Nordic Chess-ch 2019"]
[Site "Sarpsborg"]
[Date "2019.06.24"]
[Round "6.1"]
[White "Westerberg, Jonathan"]
[Black "Hammer, Jon Ludvig"]
[Result "1/2-1/2"]
[WhiteElo "2545"]
[BlackElo "2645"]
[Annotator "TA"]
[PlyCount "24"]
[EventDate "2019.06.21"]
[EventType "swiss"]
[EventCountry "NOR"]
[SourceTitle "playchess.com"]
[Source "ChessBase"]
[SourceQuality "1"]

{[%evp 13,24,0,0,0,0,0,-11,-56,-20,-98,-33,-42,21]} 1. e4 e6 2. d4 d5 3. exd5 exd5 4. Nf3 Nf6 5. Bd3 c5 6. dxc5 Bxc5 7. O-O O-O 8. h3 {C01: French: Exchange Variation} (8. Nc3 Nc6 9. Bg5 Be6 10. Qd2 Re8 11. Rfe1 h6 12. Bh4 d4 13. Bxf6 Qxf6 14. Ne4 Qe7 15. a3 Bb6 16. Re2 a5 17. Ng3 a4 {½-½ (70) Bauer,C (2644)-Ernst,S (2541) Maastricht 2018}) 8... Ne4 9. c4 $146 ({Predecessor:} 9. Nbd2 Bf5 10. Nb3 Bb6 11. Nbd4 Qf6 12. Be3 Bg6 13. Re1 Nc6 14. c3 Rfe8 15. Rc1 Nxd4 16. Nxd4 Nxf2 17. Bxf2 Rxe1+ 18. Qxe1 Bxd3 {0-1 (39) Bucinskas,V (2348)-Sulskis,S (2518) Lithuania 2017}) 9... Nc6 10. a3 Bf5 {...Qb6 is the strong threat.} 11. Qc2 (11. Nc3 $11) 11... Bg6 (11... Qb6 $17 {Strongly threatening ...Nxf2.} 12. cxd5 Nxf2 {[%mdl 64] Discovered Attack}) 12. Nc3 Nxc3 (12... Nxf2 $15 13. Rxf2 Bxf2+ 14. Kxf2 Nd4) 1/2-1/2

[Event "Nordic Chess-ch 2019"]
[Site "Sarpsborg"]
[Date "2019.06.24"]
[Round "6.2"]
[White "Urkedal, Frode Olav Olsen"]
[Black "Gretarsson, Helgi Ass"]
[Result "1-0"]
[WhiteElo "2525"]
[BlackElo "2433"]
[Annotator "TA"]
[PlyCount "115"]
[EventDate "2019.06.21"]
[EventType "swiss"]
[EventCountry "NOR"]
[SourceTitle "playchess.com"]
[Source "ChessBase"]
[SourceQuality "1"]

{[%evp 21,115,25,24,17,20,27,26,23,28,4,22,24,43,41,46,40,40,36,50,29,73,72,121,139,142,137,180,173,156,131,148,72,153,170,176,188,176,176,227,178,291,304,304,268,278,272,246,246,246,245,361,361,330,324,376,361,361,361,349,349,349,361,252,235,641,560,1167,1167,1141,1106,1078,1062,1062,1061,874,458,12806,12806,12799,12799,12799,12799,12799,12799,12799,12799,12798,12798,12750,12681,12154,10488,12154,12154,5989,5057]} 1. d4 d5 2. c4 c6 3. Nf3 Nf6 4. Nc3 dxc4 5. a4 Bf5 6. e3 e6 7. Bxc4 Bb4 8. O-O O-O 9. Nh4 Nbd7 10. h3 Bg6 11. Nxg6 hxg6 12. Qc2 {D18: Slav Defence: 5 a4 Bf5 6 e3} (12. Qb3 Qb6 13. Rd1 Rad8 14. Bd2 Ba5 15. Rac1 c5 16. d5 Bxc3 17. Bxc3 Qxb3 18. Bxb3 Nxd5 19. Bxd5 exd5 20. Rxd5 Nb6 21. Rxc5 Nxa4 {1-0 (45) Ponomariov,R (2706)-Najer,E (2687) Dortmund 2016}) 12... a5 13. Rd1 Qc7 14. Ba2 {White has an edge.} Rfe8 15. Kh1 $146 ({Predecessor:} 15. e4 e5 16. d5 Rac8 17. Qe2 Qb6 18. dxc6 bxc6 19. Rb1 {0-1 (58) Splichal,J (2034)-Jean,P (2154) ICCF email 2015}) 15... Rac8 16. e4 c5 17. d5 (17. Nb5 $5 {[%cal Rb5c7]} Qb8 18. d5 exd5 19. exd5 $14) 17... exd5 18. Nxd5 Nxd5 19. Bxd5 Nf6 20. Qc4 Rb8 21. Bg5 Nxd5 22. exd5 b5 23. axb5 {[#] Threatens to win with Bf4.} Qd7 24. d6 Re6 25. Be7 Rxb5 26. Rd3 ({Better is} 26. Kg1) 26... Rb7 ({Black should try} 26... Be1) 27. Rad1 $16 a4 28. Re3 Rxe3 29. fxe3 Qe8 (29... Ba5 $142) 30. Qa6 Rxe7 (30... Qd7 {is a better defense.} 31. Rf1 Ra7) 31. dxe7 $18 Qxe7 {[%mdl 4096] Endgame KQR-KQB} 32. Qc8+ ({Less strong is} 32. Qxa4 Qxe3 33. Qa7 Qe8 $16) 32... Kh7 33. Rd8 {[%csl Gc8][%cal Rd8h8] [#]} g5 34. Rh8+ Kg6 35. Qa6+ Qe6 (35... Qf6 $142 36. Qe2 (36. Qxa4 Qxb2 37. Qa6+ Qf6 $16) 36... Qe5) 36. Qxe6+ ({Not} 36. Qxa4 Qxe3 37. Qc2+ Kf6 $16) 36... fxe6 {KR-KB} 37. Ra8 Bd2 38. Rxa4 Bxe3 39. Re4 Bd4 40. Rxe6+ Kf5 41. Re2 g4 42. hxg4+ Kf4 $2 (42... Kxg4 43. b4 Kf4) 43. Kh2 {White is clearly winning.} g5 44. Kh3 Be3 45. b3 Ke4 46. Rc2 Kd3 47. Rc4 Bf2 48. Kh2 Kd2 (48... Bd4 $142 49. Kg3 Ke4) 49. b4 cxb4 50. Rxb4 Kd3 51. Rb5 Be3 52. Kg3 Ke4 53. Rf5 Bd2 54. Kf2 Be3+ 55. Ke2 Bf4 56. Ra5 Be5 57. Ra4+ Bd4 58. Rb4 {Accuracy: White = 80%, Black = 37%.} 1-0

[Event "Nordic Chess-ch 2019"]
[Site "Sarpsborg"]
[Date "2019.06.24"]
[Round "6.3"]
[White "Ingebretsen, Jens E"]
[Black "Notkevich, Benjamin Arvola"]
[Result "1-0"]
[WhiteElo "2263"]
[BlackElo "2485"]
[Annotator "TA"]
[PlyCount "81"]
[EventDate "2019.06.21"]
[EventType "swiss"]
[EventCountry "NOR"]
[SourceTitle "playchess.com"]
[Source "ChessBase"]
[SourceQuality "1"]

{[%evp 9,97,8,12,20,15,0,0,0,0,0,7,0,0,0,19,0,0,0,0,0,2,4,40,36,33,37,52,52,46,49,56,57,80,25,57,47,71,77,79,81,82,75,79,75,102,47,64,15,95,93,96,114,272,267,256,264,256,256,243,233,282,282,235,147,583,581,564,551,551,535,538,530,630,624,569,525,649,649,649,649,755,632,714,705,647,675,1004,705,897,705]} 1. c4 e6 2. g3 Nf6 3. Bg2 d5 4. Nf3 dxc4 5. Qa4+ Bd7 6. Qxc4 {A13: English Opening: 1...e6} c5 7. Ne5 Qc8 8. Nxd7 $146 {The position is equal.} ({Predecessor:} 8. Nc3 Nc6 9. Nxd7 Qxd7 10. Qa4 Rc8 11. O-O Be7 12. d3 {½-½ (21) Wang,H (2683)-Le,Q (2712) Ho Chi Minh City 2017}) 8... Qxd7 9. O-O Nc6 10. d3 Be7 11. Nc3 O-O 12. Qa4 Rac8 13. Be3 Rfd8 14. Rfc1 h6 15. a3 a6 16. Ne4 Nxe4 17. Bxe4 Ne5 18. Qxd7 Rxd7 19. h3 f5 20. Bg2 Rdc7 21. Rc2 (21. Bf4 $16 Bf6 22. d4 cxd4 23. Bxb7 $1 {[%mdl 512]} Rxc1+ 24. Rxc1 Rxc1+ 25. Bxc1) 21... b5 22. Rac1 a5 23. d4 Nc4 24. Bf4 Rd7 25. a4 Rxd4 26. axb5 Nb6 27. Bb7 (27. Bd2 $16) 27... Rcd8 $14 28. Bc6 {Strongly threatening Bc7.} Rd1+ (28... Bg5 $11) 29. Kg2 $16 Rxc1 30. Rxc1 {Bc7 is the strong threat.} Bg5 $2 {[#]} (30... Rd4 $16) 31. Bc7 $1 $18 {[%cal Rc7b6]} ({Weaker is} 31. Rxc5 Bxf4 32. gxf4 a4 $14) 31... Rc8 32. Bxb6 Bxc1 {[%mdl 4096] Endgame KRB-KB} 33. Bd7 Rf8 {intending ...Kf7.} 34. Bxe6+ Kh8 {[#] Threatens to win with ...Rf6.} 35. Bc7 $1 {And now b6 would win.} (35. Bxc5 Re8 $16) 35... Re8 36. Bxf5 a4 $2 {[%mdl 8192]} (36... Rxe2 $16 {is more resistant.} 37. b4 (37. Bxa5 Rxb2 38. Bd3 Bd2 $15) 37... cxb4) 37. b6 {White is clearly winning.} Rxe2 38. b7 Rxb2 39. b8=Q+ Rxb8 40. Bxb8 c4 41. Kf3 {Played: Bb8-e5} 1-0

[Event "Nordic Chess-ch 2019"]
[Site "Sarpsborg"]
[Date "2019.06.24"]
[Round "6.4"]
[White "Chatalbashev, Boris"]
[Black "Vitenberg, Noam Aviv"]
[Result "1-0"]
[WhiteElo "2527"]
[BlackElo "2256"]
[Annotator "TA"]
[PlyCount "203"]
[EventDate "2019.06.21"]
[EventType "swiss"]
[EventCountry "NOR"]
[SourceTitle "playchess.com"]
[Source "ChessBase"]
[SourceQuality "1"]

{[%evp 10,203,13,14,16,0,0,-6,-8,-38,0,-17,-23,-18,-8,-11,-23,-35,-25,-38,-53,-51,-37,-91,-97,-104,-89,-91,-86,-105,-104,-152,-165,-197,-189,-189,-186,-197,-153,-163,-138,-243,-206,-247,-230,-257,-240,-280,-244,-240,-243,-315,-246,-246,-246,-246,-246,-241,-237,-247,0,0,0,0,0,0,0,0,0,0,0,0,0,0,0,0,0,0,0,0,8,0,8,8,8,8,8,8,8,8,8,8,8,8,8,0,0,0,0,0,0,0,0,0,8,8,8,8,8,8,8,8,8,8,8,8,8,8,8,0,8,8,8,0,0,0,0,0,0,0,0,0,0,0,0,0,0,0,8,8,8,8,8,8,8,0,0,0,0,0,0,0,0,0,8,8,8,8,8,0,8,8,8,8,8,0,0,0,8,0,0,0,0,0,0,0,0,0,0,0,0,0,0,0,0,0,0,0,0,0,0,0,29982,29983,29983,29982]} 1. c4 e6 2. g3 d5 3. Bg2 Nf6 4. Nf3 dxc4 5. O-O Nbd7 {[%cal Bb8d7,Bd7b6,Bb6d5,Bd5e7,Be7g6][%mdl 32]} 6. Qc2 Nb6 {A13: English Opening: 1...e6} 7. a4 a5 8. Na3 Bxa3 {The position is equal.} 9. Rxa3 O-O 10. d3 (10. e4 e5 11. Nxe5 Qd4 12. Qc3 Qxc3 13. Rxc3 Be6 14. d4 Nxa4 {1-0 (40) Wei,Y (2738)-Ponomariov,R (2699) Danzhou 2017}) 10... cxd3 11. Rxd3 Nbd5 12. Bd2 b6 $146 {[%mdl 2048] Black has the initiative.} ({Predecessor:} 12... Qe7 13. Rc1 b6 14. Nd4 {0-1 (36) Gara,T (2317)-Javakhishvili,L (2438) Heraklio 2017}) 13. Rd4 Bb7 14. Rh4 Ne7 15. Rd1 Ng6 $1 {[%cal Rg6h4]} 16. Rc4 (16. Bb4 $15 Qc8 17. Bxf8 Nxh4 18. Nxh4 Bxg2 19. Nxg2 Kxf8 20. b3) 16... c5 $17 17. Bg5 Qc7 18. Bxf6 gxf6 19. h4 Bd5 20. h5 Bxc4 21. hxg6 Bd5 (21... hxg6 22. Qxc4 Rad8 23. Re1 $15) 22. gxh7+ Kg7 23. Rd4 Bxf3 24. Bxf3 Rad8 25. Rh4 (25. Rg4+ $17 Kh8 26. Qc1) 25... Qe5 (25... Kh8 26. Kg2) 26. Rh5 Qd4 {Strongly threatening ...Qd1+.} 27. Kg2 Rh8 28. Rh4 Qe5 29. Rg4+ Kf8 30. Qb3 f5 ({Much less strong is} 30... Rxh7 31. Qxb6 Rd4 32. e4 $19) 31. Rh4 Rd4 32. Rxd4 cxd4 33. Qxb6 $19 {[%mdl 4096] Endgame KQR-KQB} Kg7 ({Worse is} 33... Rxh7 34. Qd8+ Kg7 35. Qg5+ Kh8 36. Qd8+ Kg7 37. Qg5+ Kh8 38. Qd8+ Kg7 $11) 34. b4 Rb8 $2 ({Weaker is} 34... Kxh7 35. Qxa5 Qf6 36. Qc5 $17) (34... axb4 $19 35. Qxb4 Rxh7) 35. Qxa5 $11 Qxa5 36. bxa5 {KR-KB} Rb4 37. Bc6 Rc4 38. Bb5 Rc7 39. Bd3 Ra7 40. a6 e5 41. Bxf5 Rxa6 42. Bc2 Rc6 43. Bd3 Rc5 44. Kf3 Ra5 45. Bb5 Kxh7 46. Ke4 f6 47. f4 exf4 48. gxf4 Kg6 49. Be8+ Kh6 50. Kxd4 {Black should prevent e4.} f5 51. Kc4 Ra7 52. Bc6 Kh5 53. Bf3+ Kh4 $1 54. Kb5 Kg3 55. a5 {[%cal Ba4a5,Ba5a6,Ba6a7][%mdl 32]} Kxf4 56. a6 Rg7 57. Kb6 {[#] aiming for a7.} Ke3 58. a7 Rg8 59. Kc5 f4 60. Kd6 Rg6+ 61. Kc7 Rg7+ 62. Kb6 Rg6+ 63. Kb5 Rg8 64. Kc4 Rc8+ 65. Kb4 Rg8 66. Kc3 Rd8 (66... Rc8+ {feels hotter.} 67. Kb3 Rd8 68. Ka2 Re8 69. Kb2 Rd8) 67. Kc2 Rg8 68. Bd5 $1 {[%cal Rd5g8]} Rd8 $1 69. Bf3 Rg8 70. Kc1 Rg1+ 71. Kb2 Rg8 72. Kb3 Rc8 73. Kb4 Rg8 74. Kc5 Rf8 75. Bg4 Rg8 76. Kb6 Rg6+ 77. Ka5 Rg5+ 78. Kb4 Rg8 {...Ra8 is the strong threat.} 79. Bf3 (79. Kc5 {seems wilder.} Rg5+ 80. Kb6 Rg6+) 79... Rf8 80. Kc4 Rc8+ 81. Kb5 Rg8 82. Bh5 Rh8 83. Bg4 Rg8 84. Kb6 Rg6+ 85. Kc7 Rg7+ 86. Bd7 Rg8 87. Bc8 Rg7+ 88. Bd7 Rg8 89. Bg4 Rg7+ 90. Kb6 Rg6+ 91. Kb5 Rg5+ 92. Kb4 Rg8 {White must now prevent ...Ra8.} 93. Bf3 Rc8 94. Kb3 Rd8 95. Kc2 Rg8 96. Kb2 Rc8 97. Ka3 {Threatens to win with Kb4.} Rg8 98. Ka4 Rf8 99. Kb4 $1 Rg8 100. Kc5 Rg5+ $2 {[%mdl 8192] [#]} (100... Rf8 $11) 101. Bd5 f3 102. exf3 {Accuracy: White = 69%, Black = 81%.} 1-0

[Event "Nordic Chess-ch 2019"]
[Site "Sarpsborg"]
[Date "2019.06.24"]
[Round "6.5"]
[White "Holm, Kristian Stuvik"]
[Black "Cederstam Barsk, Carl"]
[Result "1-0"]
[WhiteElo "2474"]
[BlackElo "2334"]
[Annotator "ChessBase"]
[PlyCount "79"]
[EventDate "2019.06.21"]
[EventType "swiss"]
[EventCountry "NOR"]
[SourceTitle "playchess.com"]
[Source "ChessBase"]
[SourceQuality "1"]
[TimeControl "40/5400+30:1800+30"]

1. e4 {[%emt 0:00:09]} d5 {[%emt 0:00:50]} 2. exd5 {[%emt 0:00:16]} Qxd5 {[%emt 0:00:07]} 3. Nc3 {[%emt 0:00:07]} Qd8 {[%emt 0:00:05]} 4. d4 {[%emt 0:03:54]} Nf6 {[%emt 0:00:30]} 5. Nf3 {[%emt 0:04:49]} g6 {[%emt 0:05:12]} 6. Bc4 {[%emt 0:01:22]} Bg7 {[%emt 0:00:14]} 7. O-O {[%emt 0:00:49]} O-O {[%emt 0:00:10]} 8. h3 {[%emt 0:03:58]} Nc6 {[%emt 0:05:37]} 9. Re1 {[%emt 0:09:11]} b6 {[%emt 0:05:01]} 10. a3 {[%emt 0:07:41]} Bb7 {[%emt 0:04:21]} 11. Bg5 {[%emt 0:01:41]} h6 {[%emt 0:14:32]} 12. Bf4 {[%emt 0:03:13]} e6 {[%emt 0:03:14]} 13. Qd3 {[%emt 0:01:00]} Ne7 {[%emt 0:04:25]} 14. Rad1 {[%emt 0:02:19]} Ned5 {[%emt 0:12:39]} 15. Nxd5 {[%emt 0:01:13]} Nxd5 {[%emt 0:10:50]} 16. Bg3 {[%emt 0:00:53]} Qc8 {[%emt 0:05:59]} 17. Ba2 {[%emt 0:04:31]} Ne7 {[%emt 0:04:53]} 18. Be5 {[%emt 0:02:39]} c5 {[%emt 0:02:19]} 19. dxc5 {[%emt 0:06:51]} Bxf3 {[%emt 0:02:46]} 20. Qxf3 {[%emt 0:02:59]} Qxc5 {[%emt 0:00:03]} 21. Bd6 {[%emt 0:08:04]} Qg5 {[%emt 0:00:01]} 22. c3 {[%emt 0:00:38]} Rfe8 {[%emt 0:03:01]} 23. Qf4 {[%emt 0:04:46]} Qb5 {[%emt 0:02:54]} 24. Qb4 {[%emt 0:00:45]} Qd7 {[%emt 0:00:49]} 25. Be5 {[%emt 0:01:40]} Qb7 {[%emt 0:01:27]} 26. Bxg7 {[%emt 0:00:54]} Nc6 {[%emt 0:01:56]} 27. Qe4 {[%emt 0:05:24]} Kxg7 {[%emt 0:00:03]} 28. Rd6 {[%emt 0:04:06]} Rac8 {[%emt 0:00:01]} 29. Red1 {[%emt 0:00:18]} Re7 {[%emt 0:06:14]} 30. Qd3 {[%emt 0:04:24]} Rcc7 {[%emt 0:01:50]} 31. b4 {[%emt 0:03:01]} Qc8 {[%emt 0:00:40]} 32. c4 {[%emt 0:00:31]} Qh8 {[%emt 0:00:33]} 33. Qe4 {[%emt 0:00:43]} Qc8 {[%emt 0:02:04]} 34. Qd3 {[%emt 0:03:03]} e5 {[%emt 0:00:39]} 35. Qd5 {[%emt 0:02:49]} g5 {[%emt 0:00:53]} 36. Bb1 {[%emt 0:01:16]} Re6 {[%emt 0:00:25]} 37. Qe4 {[%emt 0:00:17]} Kf8 {[%emt 0:00:27]} 38. Qh7 {[%emt 0:01:50]} Nd4 {[%emt 0:00:14]} 39. Bf5 {[%emt 0:01:13]} Ke7 {[%emt 0:00:47]} 40. Bxe6 {[%emt 0:00:40]} 1-0

[Event "Nordic Chess-ch 2019"]
[Site "Sarpsborg"]
[Date "2019.06.24"]
[Round "6.6"]
[White "Vestby-Ellingsen, Mads"]
[Black "Ogaard, Leif"]
[Result "1-0"]
[WhiteElo "2345"]
[BlackElo "2385"]
[Annotator "NA"]
[PlyCount "49"]
[EventDate "2019.06.21"]
[EventType "swiss"]
[EventCountry "NOR"]
[SourceTitle "playchess.com"]
[Source "ChessBase"]
[SourceQuality "1"]
[TimeControl "40/5400+30:1800+30"]

1. d4 {[%emt 0:00:00]} d5 {[%emt 0:00:07]} 2. c4 {[%emt 0:00:00]} e6 {[%emt 0:00:13]} 3. Nc3 {[%emt 0:00:00]} c5 {[%emt 0:01:30]} 4. cxd5 {[%emt 0:00:17]} exd5 {[%emt 0:00:10]} 5. Nf3 {[%emt 0:00:11]} Nc6 {[%emt 0:00:39]} 6. dxc5 {[%emt 0:00:18]} d4 {[%emt 0:01:16]} 7. Na4 {[%emt 0:00:13]} Bxc5 {[%emt 0:03:44]} 8. Nxc5 {[%emt 0:02:47]} Qa5+ {[%emt 0:00:08]} 9. Bd2 {[%emt 0:00:15]} Qxc5 {[%emt 0:00:09]} 10. Rc1 {[%emt 0:00:20]} Qb6 {[%emt 0:03:15]} 11. e3 {[%emt 0:00:19]} Nge7 {[%emt 0:01:14]} 12. Bc4 {[%emt 0:03:29]} O-O {[%emt 0:02:23]} 13. Nxd4 {[%emt 0:18:40]} Nxd4 {[%emt 0:04:43]} 14. exd4 {[%emt 0:01:35]} Qxb2 {[%emt 0:23:39]} 15. Bc3 {[%emt 0:04:25]} Qa3 {[%emt 0:03:08]} 16. O-O {[%emt 0:18:02]} Qd6 {[%emt 0:14:19]} 17. d5 {[%emt 0:04:50]} b5 {[%emt 0:04:47]} 18. Bb3 {[%emt 0:00:29]} a5 {[%emt 0:02:13]} 19. Re1 {[%emt 0:08:47]} Bd7 {[%emt 0:20:02]} 20. Be5 {[%emt 0:07:07]} Qb4 {[%emt 0:01:39]} 21. Rc7 {[%emt 0:12:51]} Rad8 {[%emt 0:05:35]} 22. a3 {[%emt 0:08:47]} Qxa3 {[%emt 0:00:55]} 23. d6 {[%emt 0:05:42]} Ng6 {[%emt 0:01:39]} 24. Bc3 {[%emt 0:01:33]} a4 {[%emt 0:00:41]} 25. Qd4 {[%emt 0:00:28]} 1-0

[Event "Nordic Chess-ch 2019"]
[Site "Sarpsborg"]
[Date "2019.06.24"]
[Round "6.7"]
[White "Tryggestad, Andreas Garberg"]
[Black "Lindgren, Philip"]
[Result "1-0"]
[WhiteElo "2324"]
[BlackElo "2384"]
[Annotator "NA"]
[PlyCount "55"]
[EventDate "2019.06.21"]
[EventType "swiss"]
[EventCountry "NOR"]
[SourceTitle "playchess.com"]
[Source "ChessBase"]
[SourceQuality "1"]
[TimeControl "40/5400+30:1800+30"]

1. d4 {[%emt 0:00:00]} Nf6 {[%emt 0:00:43]} 2. c4 {[%emt 0:00:00]} e6 {[%emt 0:00:06]} 3. Nf3 {[%emt 0:00:00]} d5 {[%emt 0:00:33]} 4. Nc3 {[%emt 0:00:00]} c6 {[%emt 0:02:43]} 5. g3 {[%emt 0:00:25]} dxc4 {[%emt 0:00:53]} 6. Bg2 {[%emt 0:00:06]} Nbd7 {[%emt 0:00:23]} 7. O-O {[%emt 0:00:12]} b5 {[%emt 0:04:19]} 8. e4 {[%emt 0:00:05]} Bb7 {[%emt 0:01:23]} 9. e5 {[%emt 0:01:45]} Nd5 {[%emt 0:01:29]} 10. Ng5 {[%emt 0:03:33]} Be7 {[%emt 0:02:45]} 11. Qh5 {[%emt 0:00:04]} g6 {[%emt 0:01:14]} 12. Qh6 {[%emt 0:00:09]} Bf8 {[%emt 0:01:24]} 13. Qh3 {[%emt 0:05:41]} Nxc3 {[%emt 0:13:27]} 14. bxc3 {[%emt 0:00:20]} Be7 {[%emt 0:05:31]} 15. Ne4 {[%emt 0:03:00]} Qc7 {[%emt 0:09:07]} 16. a4 {[%emt 0:02:42]} a6 {[%emt 0:07:27]} 17. Bg5 {[%emt 0:17:23]} Bxg5 {[%emt 0:04:08]} 18. Nxg5 {[%emt 0:00:04]} Nb6 {[%emt 0:06:26]} 19. Ne4 {[%emt 0:11:06]} O-O-O {[%emt 0:01:19]} 20. axb5 {[%emt 0:00:40]} axb5 {[%emt 0:03:54]} 21. Ra7 {[%emt 0:04:29]} Kb8 {[%emt 0:02:42]} 22. Rfa1 {[%emt 0:03:40]} Nc8 {[%emt 0:02:26]} 23. R7a3 {[%emt 0:00:26]} Rd5 {[%emt 0:04:14]} 24. Qh6 {[%emt 0:00:46]} Qe7 {[%emt 0:06:43]} 25. Qe3 {[%emt 0:04:53]} Nb6 {[%emt 0:03:57]} 26. Nf6 {[%emt 0:04:26]} Rdd8 {[%emt 0:01:05]} 27. d5 {[%emt 0:01:15]} Nxd5 {[%emt 0:01:57]} 28. Bxd5 {[%emt 0:01:04]} 1-0